000 00602nam a2200193Ia 4500
003 GCL
008 140319s9999 xx 000 0 ara d
040 _aGCL /
_cGCL
082 0 4 _a332.46
_bح د
100 1 _aحامد عبدالمجيد دراز
245 1 0 _aدراسات فى السياسات المالية /
_cحامد عبدالمجيد دراز
260 _a[S.N] :
_bمؤسسة شباب الجامعة ،
_c1984
300 _a366 ص
490 _a
650 0 4 _aالسياسة المالية
650 0 4 _aالضرائب
650 0 4 _aالضرائب المباشرة
942 _2ddc
_cBK
999 _c54064
_d54064